Alegación en derecho en los autos seguidos por don Luis Page con don Gregorio López Mollinedo, y por su fallecimiento, con su señora viuda y herederos, y la Sociedad del Crédito Moviliario Español, sobre nulidad del remate de la fábrica, privilegio exclusivo, y todas las pertenencias de la primitiva Compañía Madrileña para el Alumbrado de Gas en Madrid. (Record no. 161237)

MARC details
000 -LEADER
campo de control de longitud fija 01213nam a22002175i 4500
001 - NÚMERO DE CONTROL
campo de control 161237
003 - IDENTIFICADOR DE NÚMERO DE CONTROL
campo de control ES-MaACL
005 - FECHA Y HORA DE LA ÚLTIMA TRANSACCIÓN
campo de control 20230906212229.0
008 - DATOS DE LONGITUD FIJA--INFORMACIÓN GENERAL
campo de control de longitud fija 940301s1867 sp |||| | spa d
080 ## - NÚMERO DE LA CLASIFICACIÓN DECIMAL UNIVERSAL
Número de la Clasificación Decimal Universal 34.096 Page, Luis
080 ## - NÚMERO DE LA CLASIFICACIÓN DECIMAL UNIVERSAL
Número de la Clasificación Decimal Universal 34.096 Sociedad Madrileña para el Alumbrado de Gas
100 1# - ENTRADA PRINCIPAL--NOMBRE DE PERSONA
Nombre de persona Page, Luis.
9 (RLIN) 130768
245 10 - MENCIÓN DEL TÍTULO
Título Alegación en derecho en los autos seguidos por don Luis Page con don Gregorio López Mollinedo, y por su fallecimiento, con su señora viuda y herederos, y la Sociedad del Crédito Moviliario Español, sobre nulidad del remate de la fábrica, privilegio exclusivo, y todas las pertenencias de la primitiva Compañía Madrileña para el Alumbrado de Gas en Madrid.
260 ## - PUBLICACIÓN, DISTRIBUCIÓN, ETC.
Lugar de publicación, distribución, etc. Madrid :
Nombre del editor, distribuidor, etc. [s.n.],
Fecha de publicación, distribución, etc. 1867 (
Fabricante Imp. y Estereotipia de M.. Rivadeneyra)
300 ## - DESCRIPCIÓN FÍSICA
Extensión 128 p. ;
Dimensiones 32 cm.
600 14 - PUNTO DE ACCESO ADICIONAL DE MATERIA--NOMBRE DE PERSONA
Nombre de persona Page, Luis-
Subdivisión general Procesos.
9 (RLIN) 174827
610 24 - PUNTO DE ACCESO ADICIONAL DE MATERIA--NOMBRE DE ENTIDAD CORPORATIVA
Nombre de entidad corporativa o nombre de jurisdicción como elemento de entrada Sociedad Madrileña para el Alumbrado de Gas.
9 (RLIN) 174825
610 24 - PUNTO DE ACCESO ADICIONAL DE MATERIA--NOMBRE DE ENTIDAD CORPORATIVA
Nombre de entidad corporativa o nombre de jurisdicción como elemento de entrada Sociedad General de Crédito Mobiliario Español.
9 (RLIN) 164321
700 1# - ENTRADA AGREGADA--NOMBRE PERSONAL
Nombre de persona López Mollinedo, Gregorio.
9 (RLIN) 129211
852 4# - LOCALIZACIÓN
Ubicación ES-MaACL
Número de control de estantería T-99-F-5
Nota libre - Enc. hol., dalto de cub. original
-- - Enc. en un vol. facticio
-- - Dedicatoria autógrafa de Luis Page
Holdings
Estatus retirado Estado de pérdida Estado de daño No para préstamo Colección Biblioteca de origen Biblioteca actual Ubicación en estantería Fecha de adquisición Total de préstamos Signatura topográfica completa Código de barras Visto por última vez Precio de reemplazo Tipo de ítem Koha
        Colección de folletos Biblioteca del Ateneo de Madrid Biblioteca del Ateneo de Madrid Depósito folletos 17/01/2008   T-99-F-5 1168884 23/02/2023 23/02/2023 Folleto